书目信息 |
| 题名: |
曼昆《宏观经济学》(第4和5版)笔记和课后习题详解
|
|
| 作者: | 金圣才 主编 | |
| 分册: | ||
| 出版信息: | 北京 中国石化出版社 2006.09 |
|
| 页数: | 262页 | |
| 开本: | 26cm | |
| 丛书名: | 国内外经典教材习题详解系列 | |
| 单 册: | ||
| 中图分类: | F015 | |
| 科图分类: | ||
| 主题词: | 宏观经济学--hong guan jing ji xue--高等学校--教学参考资料 | |
| 电子资源: | ||
| ISBN: | 7-80229-073-2 | |
| 000 | 01095nam 2200253 450 | |
| 001 | 012008505311 | |
| 005 | 20080516164511.25 | |
| 010 | @a7-80229-073-2@dCNY36.80 | |
| 100 | @a20080515d2006 em y0chiy0120 ea | |
| 101 | 0 | @achi |
| 102 | @aCN@b110000 | |
| 105 | @ak z 000yy | |
| 106 | @ar | |
| 200 | 1 | @a曼昆《宏观经济学》(第4和5版)笔记和课后习题详解@Aman kun《hong guan jing ji xue》(di 4 he 5 ban)bi ji he ke hou xi ti xiang jie@f金圣才主编@Fjin sheng cai zhu bian |
| 210 | @a北京@c中国石化出版社@d2006.09 | |
| 215 | @a262页@d26cm | |
| 225 | 2 | @a国内外经典教材习题详解系列@Aguo nei wai jing dian jiao cai xi ti xiang jie xi lie |
| 330 | @a本书遵循曼昆的《宏观经济学》第5版(参考第4版)的章目编排,每章分两部分:第一部分为复习笔记,总结本章重难点知识;第二部分课(章)后习题详解,对第4和5版的所有习题都进行了详细的分析和解答。 | |
| 410 | 0 | @12001 @a国内外经典教材习题详解系列 |
| 606 | 0 | @a宏观经济学@Ahong guan jing ji xue@x高等学校@j教学参考资料 |
| 690 | @aF015@v4 | |
| 701 | 0 | @a金圣才@Ajin sheng cai@4主编 |
| 801 | 0 | @aCN@bQSSK@c20080516 |
| 905 | @b712391-95@dF015@eJ800@f5 | |
| 曼昆《宏观经济学》(第4和5版)笔记和课后习题详解/金圣才主编.-北京:中国石化出版社,2006.09 |
| 262页;26cm.-(国内外经典教材习题详解系列) |
| ISBN 7-80229-073-2:CNY36.80 |
| 本书遵循曼昆的《宏观经济学》第5版(参考第4版)的章目编排,每章分两部分:第一部分为复习笔记,总结本章重难点知识;第二部分课(章)后习题详解,对第4和5版的所有习题都进行了详细的分析和解答。 |
| ● |
| 相关链接 |
|
|
|
正题名:曼昆《宏观经济学》(第4和5版)笔记和课后习
索取号:F015/J800
 
预约/预借
| 序号 | 登录号 | 条形码 | 馆藏地/架位号 | 状态 | 备注 |
| 1 | 712391 | 207123913 | 社科二线422/409社科库 62排4列2层/ [索取号:F015/J800] | 在馆 | |
| 2 | 712392 | 207123922 | 社科二线422/409社科库 62排4列2层/ [索取号:F015/J800] | 在馆 | |
| 3 | 712393 | 207123931 | 社科库409/409社科库 62排4列2层/ [索取号:F015/J800] | 在馆 | |
| 4 | 712394 | 207123940 | 社科库409/400B社科库 2排3列6层/ [索取号:F015/J800] | 在馆 | |
| 5 | 712395 | 207123959 | 社科二线422/409社科库 62排4列2层/ [索取号:F015/J800] | 在馆 |